000 00735nam a22001817a 4500
999 _c371626
_d371626
008 201127b ||||| |||| 00| 0 eng d
040 _aDE-2950
_bger
_cDE-2950
_erda
041 _ager
245 _aDer alte Filter hat ausgedient.
_bFreizeit: 250.000 Euro fließen in diesem Jahr in Reparaturarbeiten im Frankfurter Hallenbad. erneut wir nur das Nötigste getan statt umfassend saniert /
_cPhilipp Stepputtis
264 _c2022
653 _aFrankfurt (Oder)
653 _aSchwimmhalle
773 _dFrankfurt (Oder) Märkisches Verlags- und Druckhaus GmbH & Co KG
_tMärkische Oderzeitung
_g33. Jahrgang (2022) Nr. 116 vom 19.05.2022, S. 13
942 _cA